<?xml version="1.0" encoding="UTF-8"?><?xml-stylesheet type="text/xsl" href="static/style.xsl"?><OAI-PMH xmlns="http://www.openarchives.org/OAI/2.0/" xmlns:xsi="http://www.w3.org/2001/XMLSchema-instance" xsi:schemaLocation="http://www.openarchives.org/OAI/2.0/ http://www.openarchives.org/OAI/2.0/OAI-PMH.xsd"><responseDate>2026-04-30T00:42:46Z</responseDate><request verb="GetRecord" identifier="oai:uvadoc.uva.es:10324/17633" metadataPrefix="marc">https://uvadoc.uva.es/oai/request</request><GetRecord><record><header><identifier>oai:uvadoc.uva.es:10324/17633</identifier><datestamp>2022-03-07T08:54:36Z</datestamp><setSpec>com_10324_7462</setSpec><setSpec>com_10324_5186</setSpec><setSpec>com_10324_29291</setSpec><setSpec>col_10324_7464</setSpec></header><metadata><record xmlns="http://www.loc.gov/MARC21/slim" xmlns:doc="http://www.lyncode.com/xoai" xmlns:xsi="http://www.w3.org/2001/XMLSchema-instance" xmlns:dcterms="http://purl.org/dc/terms/" xsi:schemaLocation="http://www.loc.gov/MARC21/slim http://www.loc.gov/standards/marcxml/schema/MARC21slim.xsd">
<leader>00925njm 22002777a 4500</leader>
<datafield tag="042" ind1=" " ind2=" ">
<subfield code="a">dc</subfield>
</datafield>
<datafield tag="720" ind1=" " ind2=" ">
<subfield code="a">Azcona Pastor, José Manuel</subfield>
<subfield code="e">author</subfield>
</datafield>
<datafield tag="720" ind1=" " ind2=" ">
<subfield code="a">Lezamiz Lugarezaresti, Julen</subfield>
<subfield code="e">author</subfield>
</datafield>
<datafield tag="260" ind1=" " ind2=" ">
<subfield code="c">2012</subfield>
</datafield>
<datafield tag="520" ind1=" " ind2=" ">
<subfield code="a">Cuando se formó el Gobierno vasco republicano en octubre de 1936, una de las primeras medidas que adoptó fue el traslado de los presos nacionales que se hacinaban en los barcos prisión anclados en la ría de Bilbao a diferentes edificios habilitados como cárceles en la misma ciudad, con la intención de que no se volvieran a repetir las lamentables matanzas selectivas ocurridas en estos barcos bajo responsabilidad de la extinta Junta de Defensa de Vizcaya semanas antes con motivo de bombardeos aéreos nacionales. Pero estos no cesaron y las amenazas, llevadas a su fin, de acabar con la vida de los presos en pago a las muertes y destrucción ocasionadas por la aviación nacional, desembocaron en los asaltos a las cárceles terrestres el día 4 de enero de 1937.</subfield>
</datafield>
<datafield tag="520" ind1=" " ind2=" ">
<subfield code="a">When the Basque republican government was formed in October 1936, one of the first measures taken was the transfer of the nationalist prisoners who were in the ships anchored in the river of Bilbao to different buildings, such as land prisons in the same city, with the aim of avoiding the deplorable selective killings that happened in those ships under the responsability of the extinct Ministry of Defense of Vizcaya weeks before, due to the Nationalist air bombings. However, these did not stop and the threatens, finally done, finished with the life of the prisiones in exchange of the death and destruction done by the Nationalist air force, which led to the assaults to the land prisions, on January 4th,1937.</subfield>
</datafield>
<datafield tag="024" ind2=" " ind1="8">
<subfield code="a">Investigaciones históricas: Época moderna y contemporánea, 2012, N.32, pags.217-236</subfield>
</datafield>
<datafield tag="024" ind2=" " ind1="8">
<subfield code="a">0210-9425</subfield>
</datafield>
<datafield tag="024" ind2=" " ind1="8">
<subfield code="a">http://uvadoc.uva.es/handle/10324/17633</subfield>
</datafield>
<datafield tag="024" ind2=" " ind1="8">
<subfield code="a">217</subfield>
</datafield>
<datafield tag="024" ind2=" " ind1="8">
<subfield code="a">32</subfield>
</datafield>
<datafield tag="024" ind2=" " ind1="8">
<subfield code="a">236</subfield>
</datafield>
<datafield ind1=" " ind2=" " tag="653">
<subfield code="a">Historia moderna y contemporánea</subfield>
</datafield>
<datafield ind1=" " ind2=" " tag="653">
<subfield code="a">Presos políticos - España - 196-1937</subfield>
</datafield>
<datafield ind1=" " ind2=" " tag="653">
<subfield code="a">Prisiones - España - Bilbao</subfield>
</datafield>
<datafield tag="245" ind1="0" ind2="0">
<subfield code="a">Los asaltos a las cárceles de Bilbao el día 4 de enero de 1937</subfield>
</datafield>
</record></metadata></record></GetRecord></OAI-PMH>